000 01007nam a22003497a 4500
001 4138286
003 OSt
005 20210426080307.0
008 770531s1977 nyuaf 001 0aeng
010 _a 77006003
020 _a0394493028
040 _aDLC
_cDLC
_dDLC
_beng
041 _aeng
043 _aa-is---
050 0 0 _aDS126.6.E2
_bA32
080 _a92
_bE-14
082 0 0 _a956.94/05/0924
_aB
100 1 _aEban, Abba Solomon,
_d1915-2002.
245 0 0 _aAbba Eban :
_ban autobiography.
_c/ by: Random House
250 _a1st edition
260 _aNew York :
_bRandom House
_cc1977.
300 _axii, 628 p., [8] leaves of plates
_bill.
_c25 cm.
365 _b15 usd
500 _aIncludes index.
600 1 0 _aEban, Abba Solomon,
_d1915-2002.
650 0 _aStatesmen
_zIsrael
_xBiography.
650 0 _aBiography
_9237
651 0 _aIsrael
_xForeign relations.
653 _aბიოგრაფია
906 _a7
_bcbc
_corignew
_d1
_eocip
_f19
_gy-gencatlg
942 _2udc
_cBK
_e1
999 _c1403
_d1403